La literatura infantil: ensayo sobre ética, estética y psicopedagogía de la literatura infantil

Zapisane w:
Opis bibliograficzny
1. autor: Sosa, Jesualdo (Autor)
Format: Książka
Język:hiszpański
Wydane: Buenos Aires Losada 1973
Wydanie:6a. ed
Seria:Publicaciones de la revista de pedagogía. La escuela activa
Hasła przedmiotowe:
Etykiety: Dodaj etykietę
Nie ma etykietki, Dołącz pierwszą etykiete!

MARC

LEADER 00000nam a2200000 a 4500
001 UCZ0753
003 CL-VaPUC
008 950809e19730000AG |||||||||||||||||spa|d
082 0 4 |a 808.068  |b JES  |2 21 
100 |a Sosa, Jesualdo  |e author  |9 319134 
245 1 3 |a La literatura infantil: ensayo sobre ética, estética y psicopedagogía de la literatura infantil 
250 |a 6a. ed 
300 |a 267 p 
942 |c BK 
945 |d 19950809 00:00:00  |a cmena 
260 |a Buenos Aires  |b Losada  |c 1973 
650 0 |a Literatura infantil   |9 307465 
650 0 |a Ética  |9 255099 
650 0 |a Estética   |9 264950 
650 0 |a Psicología educacional   |9 307830 
650 0 |a Enseñanza  |9 256457 
650 0 |a Filosofía de la educación   |9 258384 
650 0 |a Psicología del niño  |9 307305 
650 0 |a Cuentos de hadas  |9 308782 
650 7 |a FABULAS  |2 CL-VaPUC  |9 343949 
650 0 |a Desarrollo mental   |9 313003 
650 0 |a Poesía   |9 265825 
583 |a last modification  |c 19950809 00:00:00  |k Rodrigo Vera 
490 0 |a Publicaciones de la revista de pedagogía. La escuela activa 
999 |c 237659  |d 237657 
952 |0 0  |1 0  |4 0  |6 808_068000000000000_JES_1973  |7 0  |8 P  |9 247166  |a BIBEDU  |b BIBEDU  |c BIBEDU_PB  |d 2019-11-18  |i 1554476  |o 808.068 JES 1973  |p 1554476  |r 2024-01-25  |w 2019-11-18  |y BK  |k EDU 
952 |0 0  |1 0  |4 0  |6 808_068000000000000_JES_1973  |7 0  |8 P  |9 247167  |a BIBEDU  |b BIBEDU  |c BIBEDU_PB  |d 2019-11-18  |i 1555308  |o 808.068 JES 1973  |p 1555308  |r 2024-01-25  |w 2019-11-18  |y BK  |k EDU 
952 |0 0  |1 0  |4 0  |6 808_068000000000000_JES_1973  |7 0  |8 P  |9 247168  |a BIBEDU  |b BIBEDU  |c BIBEDU_PB  |d 2019-11-18  |i 1555316  |o 808.068 JES 1973  |p 1555316  |r 2024-01-25  |w 2019-11-18  |y BK  |k EDU 
952 |0 0  |1 0  |4 0  |6 808_068000000000000_JES_1973  |7 0  |8 P  |9 247169  |a BIBEDU  |b BIBEDU  |c BIBEDU_PB  |d 2019-11-18  |i 1555324  |o 808.068 JES 1973  |p 1555324  |r 2024-01-25  |w 2019-11-18  |y BK  |k EDU 
952 |0 0  |1 0  |4 0  |6 808_068000000000000_JES_1973  |7 0  |8 P  |9 247170  |a BIBEDU  |b BIBEDU  |c BIBEDU_PB  |d 2019-11-18  |i 1555332  |o 808.068 JES 1973  |p 1555332  |r 2024-01-25  |w 2019-11-18  |y BK  |k EDU 
952 |0 0  |1 0  |4 0  |6 808_068000000000000_JES_1973  |7 0  |8 P  |9 247171  |a BIBEDU  |b BIBEDU  |c BIBEDU_PB  |d 2019-11-18  |i 1555340  |o 808.068 JES 1973  |p 1555340  |r 2024-01-25  |w 2019-11-18  |y BK  |k EDU 
952 |0 0  |1 0  |4 0  |6 808_068000000000000_JES_1973  |7 0  |8 P  |9 247172  |a BIBEDU  |b BIBEDU  |c BIBEDU_PB  |d 2019-11-18  |i 1555359  |o 808.068 JES 1973  |p 1555359  |r 2024-01-25  |w 2019-11-18  |y BK  |k EDU 
952 |0 0  |1 0  |4 0  |6 808_068000000000000_JES_1973  |7 0  |8 P  |9 247173  |a BIBEDU  |b BIBEDU  |c BIBEDU_PB  |d 2019-11-18  |i 1555367  |o 808.068 JES 1973  |p 1555367  |r 2024-01-25  |w 2019-11-18  |y BK  |k EDU 
952 |0 0  |1 0  |4 0  |6 808_068000000000000_JES_1973  |7 0  |8 P  |9 247174  |a BIBEDU  |b BIBEDU  |c BIBEDU_PB  |d 2019-11-18  |i 1555405  |o 808.068 JES 1973  |p 1555405  |r 2024-01-25  |w 2019-11-18  |y BK  |k EDU